000
00305 a2200157 4500
001
50555
020
_a
8508062060
040
_c
Anchieta - Bela Vista
240
1
0
_a
As plantas
_l
por
245
1
0
_a
As plantas
300
_a
125
362
0
_a
1998
440
1
_a
Ática
650
4
_a
Biologia
942
_c
BK
999
_c
50555
_d
50555